000 00218nam a22000977a 4500
999 _c264070
_d264069
020 _a0439762391
100 _aALYSSA SATIN CAPUCILLI
245 _aBISCUITS BIG FRIEND
260 _aU.S.A
_bSCHOLASTIC
_c2003
942 _cBK